LEADER 01415nam a2200241 i 4500 001 000000011395 003 CaOOAMICUS 005 20180830125440.0 008 180830s1834 fr u000 u und u 040 $aSeMil$bita 100 1 $aLa Harpe, Jean François : de,$d<1739-1803>.$0(OLS)http://semarc/name/5502 245 10$aLycée, ou, cours de littérature ancienne et moderne /$cpar J. F. La Harpe ; avec des notes de divers commentateurs. 260 $aParis :$bLefèvre,$c1834. 260 $aParis :$bDidier,$c1834. 300 $a2 v. (in 4 tomi) ;$c26 cm. 650 4$aLetteratura francese - Storia.$0(OLS)http://semarc/subject/555 774 0 $tAnciens: poésies, Éloquence, Histoire, Philosophie et littérature mêlée.$g1$w()212397 774 0 $tSiècle de Louis 14.: poésies, Éloquence, Histoire, Philosophie et littérature mêlée, Dix-huitième siècle: poésies.$g1$w()212398 774 0 $tDix-huitième siècle: poésies, Éloquence, Histoire, Littérature mêlée, Philosophie du dix-huitième siècle.$g2$w()212399 774 0 $tDix-huitième siècle: poésies, Éloquence, Histoire, Littérature mêlée, Philosophie du dix-huitième siècle.$g2$w()212400 996 $6245$aLycée, ou, cours de littérature ancienne et moderne$9(OLS)http://semarc/title/15077 996 $6260$aParis :$bDidier$9(OLS)http://semarc/publisher/31728 996 $6260$aParis :$bLefèvre$9(OLS)http://semarc/publisher/33065 LEADER 01289nam a2200301 i 4500 001 000000115424 003 CaOOAMICUS 005 20211025105819.0 008 050128s1992 it u000 u ita u 013 $a88113 020 $a88-311-5498-2 040 $aSeMil$bita 100 1 $aMorero, Vittorio.$0(OLS)http://semarc/name/4279 245 13$aUn profeta tra noi :$besperienza e missione di Francesco Pianzola /$cVittorio Morero ; Prefazione di Cristoforo Maria Bove. 250 $a3. ed. 264 1$aRoma :$bCittà Nuova,$c1992. 300 $a308 p., [16] p. di tav. ;$c20 cm. 490 1 $aTestimoni 600 14$aPianzola, Francesco .$0(OLS)http://semarc/subject/16001 700 1 $aBove, Cristoforo,$c.$0(OLS)http://semarc/name/16967 830 0$aTestimoni.$0(OLS)http://semarc/title/10583 850 $aSeMil 852 $aSeMil$W1$xVenegono$y1$m3J I 35$j70945$B70945$CSeMilBibl$Z2$F92461 $81 961 $aOmaggio: Bressan don Luca 996 $6020$a88-311-5498-2$9(OLS)http://semarc/number/99200 996 $6245$aUn profeta tra noi :$besperienza e missione di Francesco Pianzola$9(OLS)http://semarc/title/169056 996 $6264$aRoma :$bCittà Nuova$9(OLS)http://semarc/publisher/29609